Indonesian real people - sudden death - Statistics

General Stats
  • This quiz has been taken 474 times
    460 since last reset
  • The average score is 5 of 20
Answers on the Grid
Answers color-coded by a green-red scale on the quiz's grid according to % correct below.
Rasuna Said
Nyi Roro Kidul
Nadin Amizah
Soekarno
Badarawuhi
Jaka Tarub
Rita Nurmaliza
Chairil Anwar
Putri Estiani
Otto Hasibuan
Nyai Ontosoroh
Sakiko Kanase
Siti Nurbaya
Jeng Yah
Ancika Mehrunisa Rabu
Aisha Greimas
Pierre Tendean
Arini Kusuma
Susi Susanti
Zuster Theresia
Orang Mante
Lim Kwee Ing
Juwita Larasati
indriati iskak
Oei Hui lan
baskara putra
Wahyu Sutama
Marina Budiman
Mawarni Suwono
Cut Nyak Meutia
Alif Fikri
Tan Kat Sun
Laura Basuki
Glenn fredly
Khadija Veenhoven
Roosilawaty
Princess Tandampalik
Mimi Kemuning
Michael Hartono
Angie Ang
 
Answer Stats
Answer % Correct
Soekarno
75%
Rasuna Said
68%
Chairil Anwar
57%
Nadin Amizah
57%
Otto Hasibuan
43%
Susi Susanti
30%
Pierre Tendean
28%
Glenn fredly
26%
Rita Nurmaliza
24%
Cut Nyak Meutia
23%
Laura Basuki
23%
Michael Hartono
22%
Putri Estiani
20%
baskara putra
14%
Angie Ang
7%
indriati iskak
4%
Marina Budiman
3%
Oei Hui lan
3%
Sakiko Kanase
3%
Roosilawaty
1%
No matching quizzes found
Score Distribution
Percent of People with Each Score
Percentile by Number Answered
Your Score History
You have not taken this quiz since the last reset